Project Management: (Record no. 592957)
[ view plain ]
| 000 -LEADER | |
|---|---|
| fixed length control field | 01189nam a22001457a 4500 |
| 020 ## - INTERNATIONAL STANDARD BOOK NUMBER | |
| International Standard Book Number | 978-93-392-1203-2 |
| 040 ## - CATALOGING SOURCE | |
| Transcribing agency | NUST |
| 082 ## - DEWEY DECIMAL CLASSIFICATION NUMBER | |
| Classification number | 658.404,GRA |
| 100 ## - MAIN ENTRY--PERSONAL NAME | |
| Personal name | Gray, Glifford F. |
| 9 (RLIN) | 107125 |
| 245 ## - TITLE STATEMENT | |
| Title | Project Management: |
| Remainder of title | The Managerial Process / |
| Statement of responsibility, etc. | Glifford F. Gray, Eriik W. Larson and Gautam V. Desai |
| 260 ## - PUBLICATION, DISTRIBUTION, ETC. | |
| Place of publication, distribution, etc. | India |
| Name of publisher, distributor, etc. | McGraw-Hill |
| Date of publication, distribution, etc. | 2014 |
| 300 ## - PHYSICAL DESCRIPTION | |
| Extent | 917 p.; |
| 505 ## - FORMATTED CONTENTS NOTE | |
| Formatted contents note | modern Project Management (Page-1), Organization Strategy and Project Selection (Page-54), organization: Structure and Culture (Page-114), Defining the Project (Page-148), Estimating Project times and Costs (Page-2080, Developing a Project Plan (Page-286), Managing Risk (Page-343), Scheduling Resources and Costs (page-421), Reducing Project Duration (Page-475), Leadership: Being an Effective Project Manager (Page-509), Managing Project Teams (Page-557), Outsourcing: Managing Interorganizational Relations (Page-620), Progress and Performance Measurment and Evaluation (Page-6690, Project Closure (Page-738), International Projects (Page-778), Oversight (Page-811), An Introduction to Agile Project Management (Page-829), Project Management Career Paths (Page-849), |
| 942 ## - ADDED ENTRY ELEMENTS (KOHA) | |
| Source of classification or shelving scheme | |
| Koha item type | Book |
| Call number prefix | 658.404,GRA |
| Withdrawn status | Lost status | Source of classification or shelving scheme | Damaged status | Not for loan | Permanent Location | Current Location | Shelving location | Date acquired | Total Checkouts | Full call number | Barcode | Date last seen | Price effective from | Koha item type | Public note |
|---|---|---|---|---|---|---|---|---|---|---|---|---|---|---|---|
| Military College of Signals (MCS) | Military College of Signals (MCS) | General Stacks | 01/19/2023 | 658.404,GRA | MCS37880 | 01/19/2023 | 01/19/2023 | Book | Almirah No.55, Shelf No.2 |
